| 000 | 00526nam a2200157 i 4500 | ||
|---|---|---|---|
| 001 | 190209 | ||
| 003 | ES-MaACL | ||
| 005 | 20230906223651.0 | ||
| 007 | t| | ||
| 008 | 200916s1894 sp r ||||1| spa d | ||
| 110 | 2 |
_aUniversidad Literaria de Granada. _9153703 |
|
| 245 | 1 | 0 | _aMemoria de la Universidad Literaria de Granada en los cursos académicos de 1887 a 90 y datos estadÃsticos. |
| 260 |
_aGranada : _b[s.n.], _c1894. |
||
| 610 | 2 | 4 |
_aUniversidad Literaria de Granada- _vMemorias. _9153704 |
| 852 |
_aES-MaACL _jT-777-F-1 |
||
| 999 |
_c190209 _d190209 |
||